[Event "BCF-chT2b 1112 (4NCL)"]
[Site "England"]
[Date "2011.11.12"]
[Round "1.1"]
[White "Cooper, John Grantley"]
[Black "James, Dale R"]
[Result "1-0"]
[WhiteElo "2351"]
[BlackElo "2194"]
[PlyCount "65"]
[EventDate "2011.11.12"]
[EventType "team-match"]
[EventRounds "7"]
[EventCountry "ENG"]
[SourceTitle "EXT 2013"]
[Source "ChessBase"]
[SourceDate "2012.11.22"]
[SourceVersion "1"]
[SourceVersionDate "2012.11.22"]
[SourceQuality "1"]
[WhiteTeam "South Wales Dragons"]
[BlackTeam "3CS Oldham"]
[WhiteTeamCountry "ENG"]
[BlackTeamCountry "ENG"]

1. Nf3 Nf6 2. g3 c5 3. Bg2 Nc6 4. c4 g6 5. Nc3 Bg7 6. d4 cxd4 7. Nxd4 0-0 8. 0-0 Qa5 9. Nb3 Qb4 10. c5 a5 11. Bg5 Qg4 12. Qd2 a4 13. h3 Qc4 14. Bxf6 Bxf6 15. Nd5 Rb8 16. Rac1 Qb5 17. Nxf6+ exf6 18. Nd4 Nxd4 19. Qxd4 Qxe2 20. Qxf6 Qe6 21. Qf4 Ra8 22. Qd4 Ra6 23. Rfe1 Qf5 24. h4 h5 25. a3 b6 26. cxb6 Qb5 27. Rxc8 Rxc8 28. Bb7 Rb8 29. Bxa6 Qxa6 30. Re7 Qc8 31. Rxd7 Qc1+ 32. Kh2 Qc6 33. b7 1-0

[Event "BCF-chT 0607 (4NCL)"]
[Site "Sunningdale"]
[Date "2007.03.03"]
[Round "7.7"]
[White "Ledger, Stephen C"]
[Black "James, Dale R"]
[Result "1/2-1/2"]
[WhiteElo "2170"]
[BlackElo "2160"]
[PlyCount "116"]
[EventDate "2006.09.16"]
[EventType "team"]
[EventRounds "11"]
[EventCountry "ENG"]
[SourceTitle "EXT 2008"]
[Source "ChessBase"]
[SourceDate "2007.11.25"]
[SourceVersion "1"]
[SourceVersionDate "2007.11.25"]
[SourceQuality "1"]
[WhiteTeam "Betsson.com"]
[BlackTeam "3CS Oldham"]
[WhiteTeamCountry "ENG"]
[BlackTeamCountry "ENG"]

1. d4 Nf6 2. Nf3 g6 3. Bf4 c5 4. c3 Qb6 5. Qb3 Bg7 6. e3 Nc6 7. Nbd2 d5 8. dxc5 Qxc5 9. h3 0-0 10. Be2 Re8 11. 0-0 e5 12. Bh2 a6 13. Rac1 h6 14. Ne1 Qa7 15. Nd3 Bf5 16. Nb4 a5 17. Nxc6 bxc6 18. Qa4 c5 19. Rfd1 Rab8 20. b3 Bd7 21. Qa3 Bf8 22. c4 d4 23. e4 Bc6 24. Bd3 h5 25. Bg3 Bh6 26. f3 Nd7 27. Rc2 Nf8 28. Nf1 f6 29. Be1 Ra8 30. Bd2 Bxd2 31. Rdxd2 Ne6 32. Ng3 Reb8 33. Ne2 Qg7 34. Qc1 a4 35. Rb2 axb3 36. Rxb3 Rxb3 37. axb3 Qa7 38. Rb2 Qa3 39. Rb1 Qb4 40. Qe1 Ra3 41. Qxb4 cxb4 42. Nc1 Nc5 43. Bc2 Kf7 44. g4 Ke6 45. Kf2 h4 46. Ke2 Bd7 47. Nd3 Nxd3 48. Kxd3 f5 49. Rg1 fxe4+ 50. fxe4 Ba4 51. Rb1 Kf6 52. Kd2 Bc6 53. Rf1+ Kg5 54. Rf7 Ra2 55. Kc1 Ra1+ 56. Kd2 Ra2 57. Kc1 Ra8 58. Kd2 Ra2 1/2-1/2

[Event "BCF-chT 0405 (4NCL)"]
[Site "West Bromwich"]
[Date "2005.04.10"]
[Round "8.5"]
[White "James, Dale R"]
[Black "Ward, Christopher"]
[Result "0-1"]
[WhiteElo "2199"]
[BlackElo "2485"]
[PlyCount "80"]
[EventDate "2004.09.18"]
[EventType "team"]
[EventRounds "11"]
[EventCountry "ENG"]
[SourceTitle "EXT 2006"]
[Source "ChessBase"]
[SourceDate "2005.11.24"]
[SourceVersion "1"]
[SourceVersionDate "2005.11.24"]
[SourceQuality "1"]
[WhiteTeam "Numerica 3CS"]
[BlackTeam "Wood Green"]
[WhiteTeamCountry "ENG"]
[BlackTeamCountry "ENG"]

1. e4 c5 2. Nc3 Nc6 3. f4 e6 4. Nf3 a6 5. d4 cxd4 6. Nxd4 Nxd4 7. Qxd4 Qc7 8. Be2 b5 9. a3 Bb7 10. Be3 Rc8 11. Bf3 h5 12. Rd1 Nf6 13. e5 Ng4 14. Bxg4 hxg4 15. 0-0 Bc5 16. Qxc5 Qxc5 17. Bxc5 Rxc5 18. Rd2 g5 19. g3 gxf4 20. gxf4 Rc4 21. Ne2 Re4 22. Rfd1 Bc6 23. Nd4 Bd5 24. Ne2 Re3 25. Nc3 Bc6 26. Rd3 Rf3 27. Ne2 Kf8 28. R1d2 Rh4 29. Rd6 g3 30. hxg3 Rh1+ 31. Kg2 Rff1+ 32. Rxc6 dxc6 33. Rd6 Rb1 34. Rxc6 Rhd1 35. b4 Rd2 36. Kf3 Re1 37. Nc3 Rxc2 38. Rc5 Rec1 39. Ne4 Rxc5 40. Nxc5 Rc3+ 0-1

[Event "BCF-chT 0405 (4NCL)"]
[Site "West Bromwich"]
[Date "2004.11.21"]
[Round "4.6"]
[White "Palliser, Richard"]
[Black "James, Dale R"]
[Result "1/2-1/2"]
[WhiteElo "2402"]
[BlackElo "2199"]
[PlyCount "35"]
[EventDate "2004.09.18"]
[EventType "team"]
[EventRounds "11"]
[EventCountry "ENG"]
[SourceTitle "EXT 2006"]
[Source "ChessBase"]
[SourceDate "2005.11.24"]
[SourceVersion "1"]
[SourceVersionDate "2005.11.24"]
[SourceQuality "1"]
[WhiteTeam "Barbican"]
[BlackTeam "Numerica 3CS"]
[WhiteTeamCountry "ENG"]
[BlackTeamCountry "ENG"]

1. d4 Nf6 2. Bg5 g6 3. Nc3 d5 4. Bxf6 exf6 5. e3 c6 6. Bd3 Nd7 7. h3 Qb6 8. a3 Bd6 9. b4 f5 10. g4 f4 11. Qf3 0-0 12. Nge2 fxe3 13. fxe3 a5 14. b5 Qd8 15. 0-0 Nb6 16. bxc6 bxc6 17. e4 Be6 18. e5 1/2-1/2

[Event "BCF-chT2 0304 (4NCL)"]
[Site "West Bromwich"]
[Date "2004.05.01"]
[Round "7.1"]
[White "Coleman, David"]
[Black "James, Dale R"]
[Result "1/2-1/2"]
[WhiteElo "2240"]
[BlackElo "2200"]
[PlyCount "48"]
[EventDate "2003.11.17"]
[EventType "team"]
[EventRounds "11"]
[EventCountry "ENG"]
[SourceTitle "EXT 2005"]
[Source "ChessBase"]
[SourceDate "2004.11.15"]
[SourceVersion "1"]
[SourceVersionDate "2004.11.15"]
[SourceQuality "1"]
[WhiteTeam "Barbican III"]
[BlackTeam "Numerica 3CS II"]
[WhiteTeamCountry "ENG"]
[BlackTeamCountry "ENG"]

1. e4 c5 2. Nf3 Nc6 3. d4 cxd4 4. Nxd4 g6 5. Nc3 Bg7 6. Be3 Nf6 7. Bc4 Ne5 8. Be2 d5 9. exd5 Nxd5 10. Bb5+ Kf8 11. Nb3 Be6 12. Nxd5 Qxd5 13. Qxd5 Bxd5 14. Bf1 Nc4 15. Bxc4 Bxc4 16. 0-0-0 b6 17. Rhe1 Ke8 18. Nd4 Rc8 19. b3 Ba6 20. Bg5 Rc7 21. Bf4 Rc8 22. Bg5 Rc7 23. Bf4 Rc8 24. Bg5 Rc7 1/2-1/2

[Event "BCF-chT2 0304 (4NCL)"]
[Site "West Bromwich"]
[Date "2004.01.17"]
[Round "3.1"]
[White "James, Dale R"]
[Black "Pigott, John C"]
[Result "0-1"]
[WhiteElo "2200"]
[BlackElo "2388"]
[PlyCount "53"]
[EventDate "2003.11.17"]
[EventType "team"]
[EventRounds "11"]
[EventCountry "ENG"]
[SourceTitle "EXT 2005"]
[Source "ChessBase"]
[SourceDate "2004.11.15"]
[SourceVersion "1"]
[SourceVersionDate "2004.11.15"]
[SourceQuality "1"]
[WhiteTeam "Numerica 3CS II"]
[BlackTeam "Kings Head"]
[WhiteTeamCountry "ENG"]
[BlackTeamCountry "ENG"]

1. e4 c5 2. Nf3 d6 3. b3 Nf6 4. Qe2 g6 5. Bb2 Bg7 6. g3 Nc6 7. Bg2 0-0 8. d4 Bg4 9. d5 Nd4 10. Qd3 Bxf3 11. Bxf3 Nxd5 12. Bxd4 Nb4 13. Qd2 Bxd4 14. c3 Bg7 15. Na3 Nc6 16. Rc1 Rb8 17. 0-0 b5 18. Qd5 Ne5 19. Bg2 Qa5 20. Nc2 Qxc3 21. f4 Nd3 22. Rcd1 Qxc2 23. Rxd3 Bd4+ 24. Rxd4 cxd4 25. Qxd4 Qc5 26. Rd1 Rfc8 27. Qxc5 0-1

[Event "BCF-chT2 0203 (4NCL)"]
[Site "West Bromwich"]
[Date "2003.05.04"]
[Round "10.6"]
[White "James, Dale R"]
[Black "Byway, Paul V"]
[Result "1/2-1/2"]
[WhiteElo "2214"]
[BlackElo "2188"]
[PlyCount "67"]
[EventDate "2002.11.??"]
[EventType "team"]
[EventRounds "11"]
[EventCountry "ENG"]
[SourceTitle "EXT 2004"]
[Source "ChessBase"]
[SourceDate "2003.11.25"]
[SourceVersion "1"]
[SourceVersionDate "2003.11.25"]
[SourceQuality "1"]
[WhiteTeam "Numerica 3CS"]
[BlackTeam "Poisoned Pawns"]
[WhiteTeamCountry "ENG"]
[BlackTeamCountry "ENG"]

1. e4 c5 2. Nf3 Nc6 3. d4 cxd4 4. Nxd4 Nf6 5. Nc3 e6 6. a3 a6 7. Be3 d6 8. Bd3 Bd7 9. 0-0 Qc7 10. f4 Be7 11. Nb3 Na5 12. Nxa5 Qxa5 13. b4 Qc7 14. Ne2 Bc6 15. Ng3 h5 16. h4 Ng4 17. Bd4 Bf6 18. Bxf6 Qb6+ 19. Kh1 gxf6 20. Qe2 0-0-0 21. c4 f5 22. b5 Bxe4 23. Nxe4 fxe4 24. Bxe4 Qe3 25. Qxe3 Nxe3 26. Rfc1 a5 27. Rc3 Ng4 28. Kg1 b6 29. Re1 Kc7 30. g3 Kd7 31. Bb7 Rhg8 32. Kg2 Rg7 33. Rd1 Ke7 34. Rcd3 1/2-1/2

[Event "BCF-chT2 0203 (4NCL)"]
[Site "West Bromwich"]
[Date "2003.04.12"]
[Round "7.3"]
[White "James, Dale R"]
[Black "Trevelyan, John"]
[Result "1-0"]
[WhiteElo "2214"]
[BlackElo "2191"]
[PlyCount "53"]
[EventDate "2002.11.??"]
[EventType "team"]
[EventRounds "11"]
[EventCountry "ENG"]
[SourceTitle "EXT 2004"]
[Source "ChessBase"]
[SourceDate "2003.11.25"]
[SourceVersion "1"]
[SourceVersionDate "2003.11.25"]
[SourceQuality "1"]
[WhiteTeam "Numerica 3CS"]
[BlackTeam "SW Dragons II"]
[WhiteTeamCountry "ENG"]
[BlackTeamCountry "ENG"]

1. e4 d6 2. d4 e5 3. c3 Be7 4. f4 exf4 5. Bxf4 Bg5 6. Bd2 Bxd2+ 7. Nxd2 Qg5 8. Qe2 Nh6 9. Ngf3 Qg4 10. Qf2 0-0 11. Bd3 Nc6 12. 0-0 Bd7 13. Rae1 Ne7 14. e5 Nd5 15. h3 Qh5 16. Qg3 f5 17. exd6 f4 18. Qg5 Qxg5 19. Nxg5 Ne3 20. Rf2 cxd6 21. Nxh7 Rfe8 22. Rxf4 Nf7 23. Bg6 Nf5 24. Rxe8+ Rxe8 25. Bxf5 Bxf5 26. Rxf5 Nh6 27. Nf6+ 1-0

[Event "BCF-chT2 0001 (4NCL)"]
[Site "Birmingham"]
[Date "2001.03.17"]
[Round "7.6"]
[White "Rendle, Thomas E"]
[Black "James, Dale R"]
[Result "0-1"]
[WhiteElo "2133"]
[BlackElo "2202"]
[PlyCount "42"]
[EventDate "2000.11.26"]
[EventType "team"]
[EventRounds "11"]
[EventCountry "ENG"]
[SourceTitle "CBM 079 Extra"]
[Source "ChessBase"]
[SourceDate "2001.01.11"]
[SourceVersion "2"]
[SourceVersionDate "2001.01.25"]
[SourceQuality "1"]
[WhiteTeam "PER"]
[BlackTeam "NW Eagles"]
[WhiteTeamCountry "ENG"]
[BlackTeamCountry "ENG"]

1. e4 e5 2. Nf3 d6 3. d4 Nd7 4. Bc4 c6 5. dxe5 dxe5 6. 0-0 Be7 7. Qe2 h6 8. Nbd2 Ngf6 9. Nh4 g6 10. f4 Nh5 11. fxe5 Bc5+ 12. Kh1 Qxh4 13. Bxf7+ Ke7 14. Qd3 Nxe5 15. Qc3 Bd4 16. Qa3+ c5 17. Bxg6 Nxg6 18. Nc4 Be6 19. Be3 Ng3+ 20. Kg1 Nxf1 21. Rxf1 Rhf8 0-1

[Event "BCF-chT 9900 (4NCL)"]
[Site "Birmingham"]
[Date "2000.03.25"]
[Round "7.8"]
[White "Jackson, Sheila"]
[Black "James, Dale R"]
[Result "1-0"]
[WhiteElo "2186"]
[BlackElo "2239"]
[PlyCount "95"]
[EventDate "1999.10.??"]
[EventType "team"]
[EventRounds "11"]
[EventCountry "ENG"]
[SourceTitle "EXT 2000"]
[Source "ChessBase"]
[SourceDate "1999.11.16"]
[SourceVersion "1"]
[SourceVersionDate "1999.11.16"]
[SourceQuality "1"]
[WhiteTeam "Wood Green II"]
[BlackTeam "NW Eagles"]
[WhiteTeamCountry "ENG"]
[BlackTeamCountry "ENG"]

1. e4 c5 2. c3 Nf6 3. e5 Nd5 4. d4 e6 5. Nf3 cxd4 6. cxd4 Nc6 7. Bd3 b6 8. a3 Bb7 9. 0-0 d6 10. Qe2 a6 11. Bd2 dxe5 12. dxe5 Bc5 13. Nc3 Nd4 14. Nxd4 Bxd4 15. Qe4 Bxc3 16. Bxc3 Qd7 17. Qd4 Rd8 18. Rfd1 Qc6 19. Bf1 0-0 20. Bb4 Rfe8 21. Rac1 Qa4 22. Bd6 Qxd4 23. Rxd4 Rc8 24. Rdc4 b5 25. Rxc8 Rxc8 26. Rxc8+ Bxc8 27. g3 f5 28. exf6 gxf6 29. Bd3 f5 30. f4 Kf7 31. Kf2 Ke8 32. Be5 Kd7 33. g4 Kc6 34. g5 Bd7 35. h4 Be8 36. Be2 Bf7 37. h5 a5 38. Kg3 Ne3 39. Bc3 Nc4 40. Kh4 a4 41. g6 hxg6 42. h6 Bg8 43. Kg5 Nd6 44. Kxg6 Ne8 45. h7 Bxh7+ 46. Kxh7 Nd6 47. Kg6 Kd5 48. Be5 1-0

[Event "BCF-chT 9900 (4NCL)"]
[Site "Birmingham"]
[Date "2000.01.23"]
[Round "6.6"]
[White "Sowray, Peter John"]
[Black "James, Dale R"]
[Result "0-1"]
[WhiteElo "2358"]
[BlackElo "2239"]
[PlyCount "100"]
[EventDate "1999.10.??"]
[EventType "team"]
[EventRounds "11"]
[EventCountry "ENG"]
[SourceTitle "EXT 2000"]
[Source "ChessBase"]
[SourceDate "1999.11.16"]
[SourceVersion "1"]
[SourceVersionDate "1999.11.16"]
[SourceQuality "1"]
[WhiteTeam "Wood Green"]
[BlackTeam "NW Eagles"]
[WhiteTeamCountry "ENG"]
[BlackTeamCountry "ENG"]

1. e4 c5 2. Nf3 Nc6 3. d4 cxd4 4. Nxd4 g6 5. c4 Bg7 6. Be3 d6 7. Nc3 h5 8. Be2 Nf6 9. h3 0-0 10. 0-0 Be6 11. Nxe6 fxe6 12. Qb3 b6 13. Rad1 Qc8 14. Qb5 Nh7 15. f4 Na5 16. c5 dxc5 17. e5 Re8 18. Rf3 Nf8 19. Rg3 Rd8 20. Rxd8 Qxd8 21. Bf3 Rc8 22. Be4 c4 23. Qa4 b5 24. Nxb5 h4 25. Rg4 c3 26. Nxc3 Nc4 27. Bf2 Nxb2 28. Qc2 Na4 29. Qxa4 Rxc3 30. Bxh4 Qb6+ 31. Kh2 Rc1 32. Rg5 Qe3 33. Bf3 Bh6 34. Kg3 Bxg5 35. Bxg5 Kf7 36. Kg4 Qc5 37. Qb3 Rc4 38. Qb8 Nd7 39. Qh8 Nxe5+ 40. Kg3 Nxf3 41. Kxf3 Qd5+ 42. Kg3 Qd3+ 43. Kh4 Qd4 44. Qb8 Qf2+ 45. g3 Rc3 46. f5 Qd4+ 47. Bf4 Qf6+ 48. Bg5 Qd4+ 49. Bf4 exf5 50. Qa8 Rc4 0-1

[Event "BCF-chT 9900 (4NCL)"]
[Site "Birmingham"]
[Date "1999.11.21"]
[Round "4.7"]
[White "Lalic, Susan"]
[Black "James, Dale R"]
[Result "1-0"]
[WhiteElo "2318"]
[BlackElo "2239"]
[PlyCount "77"]
[EventDate "1999.10.??"]
[EventType "team"]
[EventRounds "11"]
[EventCountry "ENG"]
[SourceTitle "EXT 2000"]
[Source "ChessBase"]
[SourceDate "1999.11.16"]
[SourceVersion "1"]
[SourceVersionDate "1999.11.16"]
[SourceQuality "1"]
[WhiteTeam "Slough"]
[BlackTeam "NW Eagles"]
[WhiteTeamCountry "ENG"]
[BlackTeamCountry "ENG"]

1. e4 c5 2. Nc3 Nc6 3. Bb5 g6 4. Bxc6 bxc6 5. d3 d5 6. f4 Bg7 7. e5 f6 8. Nf3 Bg4 9. 0-0 Nh6 10. Qe1 Nf7 11. exf6 Bxf6 12. Ne5 Bc8 13. Nxc6 Qd6 14. Ne5 0-0 15. Bd2 Bb7 16. Nb5 Qb6 17. a4 Nxe5 18. fxe5 Bg7 19. Qh4 a6 20. Nc3 Bxe5 21. Qxe7 Bf6 22. Qd7 Rad8 23. a5 Rxd7 24. axb6 Rdf7 25. Kh1 Bxc3 26. Rxf7 Rxf7 27. bxc3 Rf2 28. Bh6 d4 29. Re1 Kf7 30. Bg5 h6 31. Re7+ Kf8 32. Kg1 Rxg2+ 33. Kf1 hxg5 34. Rxb7 Rxc2 35. cxd4 cxd4 36. Rc7 Rb2 37. b7 Rb1+ 38. Kf2 Rb2+ 39. Kf3 1-0

[Event "BCF-chT 9899 (4NCL)"]
[Site "England"]
[Date "1998.11.22"]
[Round "4.7"]
[White "Allicock, Rawle Anthony"]
[Black "James, Dale R"]
[Result "1-0"]
[WhiteElo "2232"]
[BlackElo "2225"]
[PlyCount "113"]
[EventDate "1998.10.??"]
[EventType "team"]
[EventRounds "11"]
[EventCountry "ENG"]
[SourceTitle "EXT 2000"]
[Source "ChessBase"]
[SourceDate "1999.11.16"]
[SourceVersion "1"]
[SourceVersionDate "1999.11.16"]
[SourceQuality "1"]
[WhiteTeam "Richmond"]
[BlackTeam "NW Eagles"]
[WhiteTeamCountry "ENG"]
[BlackTeamCountry "ENG"]

1. e4 e5 2. Nf3 d6 3. Nc3 Nd7 4. d4 c6 5. Bc4 Be7 6. 0-0 h6 7. Bb3 Ngf6 8. Re1 g5 9. a4 Qc7 10. Qd3 Nf8 11. Qc4 Ne6 12. dxe5 dxe5 13. Nd1 Bd6 14. Ne3 Ng7 15. Qd3 Bg4 16. Nc4 Rd8 17. Qe3 Bxf3 18. Qxf3 Be7 19. Bd2 Ne6 20. Ba5 b6 21. Bc3 Nd4 22. Bxd4 exd4 23. e5 Nd5 24. Nd6+ Rxd6 25. exd6 Qxd6 26. Bxd5 cxd5 27. Qe2 Kf8 28. Qe5 Qxe5 29. Rxe5 Bc5 30. Rae1 Kg7 31. Re8 Rh7 32. Rd8 Kg6 33. Kf1 f6 34. Rxd5 Rc7 35. Ke2 Bb4 36. Rc1 Re7+ 37. Kd3 Bc5 38. a5 g4 39. Rb1 Re6 40. b4 Bd6 41. Rxd4 h5 42. h3 gxh3 43. gxh3 Be5 44. Rd7 a6 45. c4 Kf5 46. axb6 Rxb6 47. c5 Rc6 48. Kc4 Ke6 49. Rh7 Rc8 50. Rxh5 Rd8 51. Re1 Rd4+ 52. Kb3 Rd3+ 53. Ka4 Rf3 54. Re2 Kd5 55. Rh7 Rf4 56. Rd7+ Kc6 57. Ra7 1-0

[Event "BCF-chT 9798 (4NCL)"]
[Site "England"]
[Date "1998.05.23"]
[Round "9.1"]
[White "James, Dale R"]
[Black "King, Daniel J"]
[Result "0-1"]
[WhiteElo "2225"]
[BlackElo "2530"]
[PlyCount "70"]
[EventDate "1997.11.??"]
[EventType "team"]
[EventRounds "11"]
[EventCountry "ENG"]
[SourceTitle "CBM 064 Extra"]
[Source "ChessBase"]
[SourceDate "1998.07.07"]
[SourceVersion "1"]
[SourceVersionDate "1998.07.07"]
[SourceQuality "1"]
[WhiteTeam "NW Eagles"]
[BlackTeam "Guildford"]
[WhiteTeamCountry "ENG"]
[BlackTeamCountry "ENG"]

1. e4 c5 2. Nf3 d6 3. d4 cxd4 4. Nxd4 Nf6 5. Bd3 g6 6. Nd2 Bg7 7. c3 0-0 8. h3 b6 9. Qe2 Bb7 10. N2b3 Nbd7 11. f4 e5 12. Nb5 Qe7 13. 0-0 Nh5 14. f5 Ng3 15. Qe1 Nxf1 16. Qxf1 Nf6 17. Bg5 a6 18. Na3 h6 19. Bxf6 Qxf6 20. Nc4 gxf5 21. exf5 d5 22. Ne3 h5 23. g4 d4 24. cxd4 exd4 25. Ng2 Bh6 26. Re1 Rfe8 27. Rxe8+ Rxe8 28. Bxa6 Ba8 29. Bb5 Be3+ 30. Nxe3 Rxe3 31. Qf4 Qh4 32. Qb8+ Kg7 33. f6+ Qxf6 34. Qxa8 Rg3+ 35. Kh1 Qf2 0-1

[Event "BCF-chT 9697 (4NCL)"]
[Site "England"]
[Date "1997.??.??"]
[Round "9.8"]
[White "Bhatia, Kanwal K"]
[Black "James, Dale R"]
[Result "0-1"]
[WhiteElo "2025"]
[BlackElo "2250"]
[PlyCount "108"]
[EventDate "1996.10.??"]
[EventType "team"]
[EventRounds "12"]
[EventCountry "ENG"]
[SourceTitle "EXT 1999"]
[Source "ChessBase"]
[SourceDate "1998.11.16"]
[SourceVersion "1"]
[SourceVersionDate "1998.11.16"]
[SourceQuality "1"]
[WhiteTeam "Northumbria"]
[BlackTeam "NW Eagles"]
[WhiteTeamCountry "ENG"]
[BlackTeamCountry "ENG"]

1. e4 e5 2. Nf3 d6 3. d4 Nd7 4. Bc4 c6 5. 0-0 Be7 6. c3 Ngf6 7. Nbd2 Qc7 8. Qb3 0-0 9. Re1 b5 10. Be2 h6 11. Qc2 Re8 12. Nf1 d5 13. Ng3 Nxe4 14. Nxe4 dxe4 15. Qxe4 Nf6 16. Qc2 e4 17. Ne5 Bd6 18. Be3 Nd5 19. Bf1 f6 20. Ng6 Qf7 21. Nh4 g5 22. Bd2 f5 23. a4 gxh4 24. axb5 cxb5 25. Bxb5 Bd7 26. Bc4 Be6 27. Bb5 Rec8 28. Bf1 Rab8 29. Bc1 Kh7 30. Qd1 Nf6 31. Qd2 f4 32. Ra6 Rb6 33. Ra5 Rg8 34. Kh1 Qg7 35. b4 a6 36. Qc2 Qg6 37. f3 Bf5 38. Rxf5 Qxf5 39. fxe4 Qg5 40. e5+ Kh8 41. exd6 h3 42. Qf2 hxg2+ 43. Bxg2 Ng4 44. Qg1 Rxd6 45. Bd2 Rdg6 46. Bf3 Qh4 47. Bxg4 Rxg4 48. Qf1 Qg5 49. c4 Qh5 50. Qf2 Qh3 51. d5 Rg2 52. Qd4+ R8g7 53. Re8+ Kh7 54. Qe4+ R2g6 0-1

[Event "BCF-chT 9798 (4NCL)"]
[Site "England"]
[Date "1997.??.??"]
[Round "2.5"]
[White "Dishman, Stephen"]
[Black "James, Dale R"]
[Result "1-0"]
[WhiteElo "2325"]
[BlackElo "2240"]
[PlyCount "117"]
[EventDate "1997.11.??"]
[EventType "team"]
[EventRounds "11"]
[EventCountry "ENG"]
[SourceTitle "CBM 064 Extra"]
[Source "ChessBase"]
[SourceDate "1998.07.07"]
[SourceVersion "1"]
[SourceVersionDate "1998.07.07"]
[SourceQuality "1"]
[WhiteTeam "Barbican"]
[BlackTeam "NW Eagles"]
[WhiteTeamCountry "ENG"]
[BlackTeamCountry "ENG"]

1. d4 Nf6 2. Bg5 g6 3. Bxf6 exf6 4. e3 Bg7 5. g3 d6 6. Bg2 c6 7. c4 0-0 8. Nc3 Nd7 9. Nge2 f5 10. 0-0 Nf6 11. b4 Re8 12. Qd3 Qe7 13. d5 Ne4 14. dxc6 bxc6 15. Rad1 Nxc3 16. Nxc3 Bb7 17. Ne2 Red8 18. Nd4 Rac8 19. Nb3 Ba6 20. b5 cxb5 21. cxb5 Rc3 22. Qd5 Bc8 23. Na5 Qc7 24. Nc6 Be6 25. Qd2 Rd7 26. Rc1 Rc5 27. a4 Qb6 28. Qd3 h5 29. h4 Bf6 30. Rc2 Rxc2 31. Qxc2 Qc5 32. Qxc5 dxc5 33. Rc1 c4 34. a5 Bb2 35. Rc2 c3 36. Nd4 Ba2 37. Bc6 Rd8 38. b6 axb6 39. a6 Bb1 40. a7 Bxc2 41. Nxc2 b5 42. a8Q Rxa8 43. Bxa8 Ba3 44. Kf1 Bd6 45. Ke2 b4 46. Bd5 Kf8 47. Kd3 Ke7 48. Bb3 f6 49. Kc4 g5 50. Nxb4 f4 51. exf4 gxf4 52. gxf4 Ke6 53. Bc2 Bxf4 54. Kxc3 Be5+ 55. Kc4 f5 56. Nd5 Bh2 57. Bd1 Ke5 58. Bxh5 Bg1 59. f4+ 1-0

[Event "BCF-chT 9697 (4NCL)"]
[Site "England"]
[Date "1997.??.??"]
[Round "5.7"]
[White "Mason, Donald"]
[Black "James, Dale R"]
[Result "1-0"]
[WhiteElo "2275"]
[BlackElo "2250"]
[PlyCount "41"]
[EventDate "1996.10.??"]
[EventType "team"]
[EventRounds "12"]
[EventCountry "ENG"]
[SourceTitle "EXT 1999"]
[Source "ChessBase"]
[SourceDate "1998.11.16"]
[SourceVersion "1"]
[SourceVersionDate "1998.11.16"]
[SourceQuality "1"]
[WhiteTeam "Midland Monarchs"]
[BlackTeam "NW Eagles"]
[WhiteTeamCountry "ENG"]
[BlackTeamCountry "ENG"]

1. e4 e5 2. f4 exf4 3. Nf3 Ne7 4. d4 Ng6 5. Bc4 d6 6. Nc3 Be6 7. Qd3 Nd7 8. h4 Be7 9. h5 Nh4 10. 0-0 Nxf3+ 11. Rxf3 Nf6 12. Bxe6 fxe6 13. Bxf4 Qd7 14. h6 g6 15. e5 dxe5 16. Bxe5 Rf8 17. Raf1 Nd5 18. Nxd5 exd5 19. Rxf8+ Bxf8 20. Qf3 0-0-0 21. Qxf8 1-0